000 00406nmm a2200145Ia 4500
008 251105s9999||||xx |||||||||||||||||und||
041 _aspa
100 _aKentenich, P. José
245 0 _aCristo es mi vida
264 _a[Santiago de Chile, Chile] :
_bNueva Patris,
_c2006
300 _a143 páginas
650 _aReligion(s)
856 _uhttps://public.digitaliapublishing.com/a/28687
942 _cCF
999 _c104231
_d104231